United state airforce stability and control (Record no. 582733)

000 -LEADER
fixed length control field 00455nam a22001697a 4500
003 - CONTROL NUMBER IDENTIFIER
control field CEME
005 - DATE AND TIME OF LATEST TRANSACTION
control field 20210628205922.0
008 - FIXED-LENGTH DATA ELEMENTS--GENERAL INFORMATION
fixed length control field 210208b xxu||||| |||| 00| 0 eng d
040 ## - CATALOGING SOURCE
Transcribing agency .
082 ## - DEWEY DECIMAL CLASSIFICATION NUMBER
Classification number 629.13236 USA
100 ## - MAIN ENTRY--PERSONAL NAME
Personal name Usa
9 (RLIN) 77473
245 ## - TITLE STATEMENT
Title United state airforce stability and control
260 ## - PUBLICATION, DISTRIBUTION, ETC.
Place of publication, distribution, etc. USA
Name of publisher, distributor, etc. DOUGLAS AIR COMPANY
Date of publication, distribution, etc. 1965
300 ## - PHYSICAL DESCRIPTION
Extent VP
650 ## - SUBJECT ADDED ENTRY--TOPICAL TERM
Topical term or geographic name entry element AIRFORCE STABILITY AND CONTROL DATCOM-UNITED STATE
9 (RLIN) 77474
942 ## - ADDED ENTRY ELEMENTS (KOHA)
Koha item type Book
Source of classification or shelving scheme
Holdings
Withdrawn status Lost status Damaged status Not for loan Permanent Location Current Location Shelving location Date acquired Total Checkouts Full call number Barcode Date last seen Price effective from Koha item type
        College of Electrical & Mechanical Engineering (CEME) College of Electrical & Mechanical Engineering (CEME) General Stacks 06/07/2017   629.13236 USA CEME-33079 06/28/2021 06/28/2021 Book
        College of Electrical & Mechanical Engineering (CEME) College of Electrical & Mechanical Engineering (CEME) General Stacks 06/07/2017   629.13236 USA CEME-33078 06/28/2021 06/28/2021 Book
© 2023 Central Library, National University of Sciences and Technology. All Rights Reserved.